इसे छोड़कर सामग्री पर बढ़ने के लिए
Inicio
Centros participantes
Catálogo
Servicios
Contacto
लॉग इन करें
English
Deutsch
Español
Français
Italiano
日本語
Nederlands
Português
Português (Brasil)
中文(简体)
中文(繁體)
Türkçe
עברית
Gaeilge
Cymraeg
Ελληνικά
Català
Euskara
Русский
Čeština
Suomi
Svenska
polski
Dansk
slovenščina
اللغة العربية
বাংলা
Galego
Tiếng Việt
Hrvatski
हिंदी
Հայերէն
Українська
Sámegiella
भाषा
सभी फ़ील्ड्स
शीर्षक
लेखक
विषय
बोधानक
आईएसबीएन / आईएसएसएन
टैग
खोज
उन्नत
Método práctico de educación l...
इसे उद्धृत करें
इसे ईमेल करें
प्रिंट
निर्यात रिकॉर्ड
को निर्यात RefWorks
को निर्यात EndNoteWeb
को निर्यात EndNote
सूची में सहेजें
स्थायी लिंक
पहली रेटिंग जोड़ें
Método práctico de educación liberadora
में बचाया:
ग्रंथसूची विवरण
मुख्य लेखक:
Gutiérrez Pérez, Francisco
स्वरूप:
मूलपाठ
प्रकाशित:
Madrid:
Marsiega
टैग:
टैग जोड़ें
कोई टैग नहीं, इस रिकॉर्ड को टैग करने वाले पहले व्यक्ति बनें!
होल्डिंग्स
विवरण
टिप्पणियाँ
समान संसाधन
स्टाफ के लिए
MARC
LEADER
00000 a a2200000 04500
001
31575
003
040
020
|a
84-7103-144-2
090
|a
198800
100
|a
Gutiérrez Pérez, Francisco
245
|a
Método práctico de educación liberadora
260
|a
Madrid:
|b
Marsiega
300
|a
261 p.
|b
il.
999
|c
6106
|d
6106
समान संसाधन
El destino de Costa Rica y la Educación Superior: el escenario histórico del país, la educación y el papel de la Universidad
द्वारा: Ruíz, Angel
El Educación Superior en Costa Rica: tendencias y retos en un nuevo escenario histórico
द्वारा: Ruíz, Angel
El Siglo XXI y el papel de la Universidad: una radiografía de nuestra época y las tendencias en la educación superior
द्वारा: Ruíz, Angel
Los Trabajos finales de graduación: su elaboración en las Ciencias Sociales
द्वारा: Brenes Chacón, Albam
Una experiencia de educación liberadora en el agro /
द्वारा: Villarreal, Martha